Откаты: экономическая эффективность и конкурентоспособность предприятия; Экономика России в XXI веке

Bibliografiske detaljer
Parent link:Экономика России в XXI веке.— 2013.— [С. 78-79]
Hovedforfatter: Клепикова Д. В.
Institution som forfatter: Национальный исследовательский Томский политехнический университет (ТПУ) Институт социально-гуманитарных технологий (ИСГТ) Кафедра истории и регионоведения (ИСТ)
Andre forfattere: Борисова Л. М. Людмила Михайловна (научный руководитель)
Summary:Заглавие с титульного экрана
На сегодняшний день есть много факторов, тормозящих развитие экономики России. И одним из таких факторов, рассмотренных в данной статье, является коррупция и специфические виды взяток - "откаты".
Sprog:russisk
Udgivet: 2013
Serier:Проблемы теории и методологии экономической науки
Fag:
Online adgang:http://www.lib.tpu.ru/fulltext/c/2013/C40/025.pdf
Format: MixedMaterials Electronisk Book Chapter
KOHA link:https://koha.lib.tpu.ru/cgi-bin/koha/opac-detail.pl?biblionumber=606215

MARC

LEADER 00000naa2a2200000 4500
001 606215
005 20231101132406.0
035 |a (RuTPU)RU\TPU\conf\3594 
035 |a RU\TPU\conf\3589 
090 |a 606215 
100 |a 20140522d2013 k y0rusy50 ca 
101 0 |a rus 
102 |a RU 
105 |a y z 101zy 
135 |a drgn ---uucaa 
181 0 |a i  
182 0 |a b 
200 1 |a Откаты: экономическая эффективность и конкурентоспособность предприятия  |f Д. В. Клепикова  |g науч. рук. Л. М. Борисова 
203 |a Текст  |c электронный 
225 1 |a Проблемы теории и методологии экономической науки 
230 |a 1 компьютерный файл (pdf; 344 Кб) 
300 |a Заглавие с титульного экрана 
320 |a [Библиогр.: с. 79 (3 назв.)] 
330 |a На сегодняшний день есть много факторов, тормозящих развитие экономики России. И одним из таких факторов, рассмотренных в данной статье, является коррупция и специфические виды взяток - "откаты". 
337 |a Adobe Reader 
463 0 |0 (RuTPU)RU\TPU\conf\3320  |t Экономика России в XXI веке  |o сборник научных трудов Х Всероссийской научно-практической конференции "Фундаментальные проблемы модернизации экономики России", г. Томск, 19-23 ноября 2013 г.  |f Национальный исследовательский Томский политехнический университет (ТПУ) ; под ред. Г. А. Барышевой и др.  |v [С. 78-79]  |d 2013 
610 1 |a труды учёных ТПУ 
610 1 |a электронный ресурс 
610 1 |a откаты 
610 1 |a экономическая эффективность 
610 1 |a конкурентоспособность 
610 1 |a коррупция 
700 1 |a Клепикова  |b Д. В. 
702 1 |a Борисова  |b Л. М.  |c экономист  |c доцент Томского политехнического университета, кандидат экономических наук  |f 1976-  |g Людмила Михайловна  |2 stltpush  |4 727 
712 0 2 |a Национальный исследовательский Томский политехнический университет (ТПУ)  |b Институт социально-гуманитарных технологий (ИСГТ)  |b Кафедра истории и регионоведения (ИСТ)  |h 38  |2 stltpush  |3 (RuTPU)RU\TPU\col\18372 
801 2 |a RU  |b 63413507  |c 20140522  |g RCR 
856 4 |u http://www.lib.tpu.ru/fulltext/c/2013/C40/025.pdf 
942 |c BK